El mundo es ansí

Saved in:
Bibliographic Details
Main Author: Baroja, Pío (Author)
Format: Book
Language:Spanish
Published: Buenos Aires Losada 1968
Edition:4a. ed
Series:Biblioteca Contemporánea, 63
Subjects:
Tags: Add Tag
No Tags, Be the first to tag this record!

MARC

LEADER 00000nam a2200000 a 4500
001 UCP1890
003 CL-VaPUC
008 990426e19680000AG |||||||||||||||||spa|d
082 0 4 |a 863  |b BAR  |2 21 
100 0 |a Baroja, Pío  |e author  |9 322211 
245 1 3 |a El mundo es ansí 
250 |a 4a. ed 
300 |a 180 p 
942 |c BK 
945 |d 19990426 00:00:00  |a lriquelm 
260 |a Buenos Aires  |b Losada  |c 1968 
650 0 |a Novelas españolas  |9 265052 
650 0 |a Literatura española  |9 306261 
583 |a last modification  |c 19990426 00:00:00  |k Rodrigo Vera 
490 0 |a Biblioteca Contemporánea, 63 
999 |c 280521  |d 280519 
952 |0 0  |1 0  |4 0  |6 863_000000000000000_BAR_1968  |7 0  |8 A  |9 320856  |a BIBEDU  |b BIBEDU  |d 2019-11-20  |i 1338137  |o 863 BAR 1968  |p 1338137  |r 2019-11-20  |w 2019-11-20  |y BK  |k LIT